Production management systems
Gespeichert in:
| 1. Verfasser: | |
|---|---|
| Format: | Buchkapitel |
| Sprache: | Englisch |
| Schlagworte: | |
| Tags: |
Keine Tags, Fügen Sie das erste Tag hinzu!
|
MARC
| LEADER | 00000nla a2200000 4500 | ||
|---|---|---|---|
| 001 | 0185317 | ||
| 005 | 20240502073157.5 | ||
| 041 | 0 | |a eng | |
| 044 | |a SK | ||
| 245 | 1 | 0 | |a Production management systems |
| 610 | 2 | 0 | |a manažment |
| 610 | 2 | 0 | |a riadenie výroby |
| 610 | 2 | 0 | |a procesy podnikové |
| 610 | 2 | 0 | |a teória riadenia |
| 610 | 2 | 0 | |a formy riadenia |
| 610 | 2 | 0 | |a systémy riadenia |
| 610 | 2 | 0 | |a prevádzky |
| 100 | 1 | |a Daneshjo, Naqibullah, 1964- | |